00309 a2200109 450000500170000002000220001708200150003910000160005424500480007026000560011830000250017420250618114607.0 a978-9987-694-32-7 a 658.8 MBU aMBURA, K. O aPrinciples of Marketing and Business Ethics aDar es salaambTanzania Institute of Bankersc2015. ax,266p.bIndexc24cm